000 01023nam a2200241Ii 4500
003 JO-AjNU
008 230605s9999||||xx |||||||||||||| ||und||
017 _a2003/1585
020 _a977-345-280-8
040 _aJO-AjNU
_bara
_erda
_cJO-AjNU
041 _aara
050 1 4 _aHF5415 .55.S8412.2003
100 3 _aستون،ميرلين/نيل وودكوك/ليز ماكتينجر؛الاداد والترجمة:تيب توب لخدمات التعريب والترجمة شعبة العلوم الاقتصادية والادارية,
_eauthor
_933970
245 0 0 _aالتسويق من خلال علاقتك بالعملاء= Customer Relationship Marketing
250 _aط2
264 3 1 _aالقاهرة:دار الفاروق للنشر والتوزيع؛2003
300 _a248ص
_bيحتوي على ببلوغرافية من ص237-248ص
336 _atext
_btxt
_2rdacontent
337 _aunmediated
_bn
_2rdamedia
338 _avolume
_bnc
_2rdacarrier
490 0 _aللجميع4
650 4 _aالتسويق
_933971
999 _aA13880
_c17448
_d17448